000 01371nam a2200325 a 4500
001 58534
003 BD-RjUL
005 20211209080631.0
008 161219s2005 th ab b 000 0 eng
020 _a9747946688
035 _a(BD-RjUL)58658
040 _aDLC
_cDLC
_dBD-RjUL
_beng
041 _aeng
082 _223
_a634.9095
_bINS 2005
245 0 0 _aIn search of excellence :
_bexemplary forest management in Asia and the Pacific /
_cedited by Patrick B. Durst ... [et al.].
260 _aBangkok :
_bFood and Agriculture Organization of the United Nations, Regional Office for Asia and the Pacific :
_bRegional Community Forestry Training Center for Asia and the Pacific,
_c2005.
300 _ax, 404 p. :
_bcol. ill., maps ;
_c27 cm.
490 0 _aRAP publication ;
_v2005/02
500 _aAt head of title: Asia-Pacific Forestry Commission.
504 _aIncludes bibliographical references.
520 _aContributed articles.
650 0 _aForest management
_zPacific Area.
_9173887
651 0 _aForest management
_zAsia.
_9173888
700 1 _aDurst, Patrick B.
_9173889
710 2 _aFAO Regional Office for Asia and the Pacific.
_9173890
710 2 _aRegional Community Forestry Training Center for Asia-Pacific (Bangkok, Thailand)
_9173891
710 2 _aAsia-Pacific Forestry Commission.
_9173892
942 _2ddc
_cBK
999 _c58534
_d58534